2025 Florida Gators Football Roster - Statistics

General Stats
  • This quiz has been taken 69 times
  • The average score is 30 of 113
Answer Stats
Player Number Class Height Weight Hometown Season % Correct
DJ Lagway # 2 Sophomore 6'3" 241 lbs. Willis, TX 2nd
94%
Dallas Wilson # 6 Freshman 6'3" 209 lbs. Tampa, FL 1st
71%
Eugene Wilson III # 3 Sophomore (R) 5'10.25" 189 lbs. Tampa, FL 3rd
71%
Jadan Baugh # 13 Sophomore 6'0.75" 230 lbs. Atlanta, GA 2nd
71%
Tramell Jones Jr. # 17 Freshman 6'0" 194 lbs. Jacksonville, FL 1st
65%
Vernell Brown III # 8 Freshman 5'11.25" 172 lbs. Gainesville, FL 1st
65%
Aidan Mizell # 11 Sophomore (R) 6'1.5" 176 lbs. Orlando, FL 3rd
56%
Caden Jones # 63 Sophomore (R) 6'7.5" 336 lbs. New Orleans, LA 3rd
56%
Jake Slaughter # 66 Senior (R) 6'4.5" 294 lbs. Sparr, FL 5th
56%
Micah Jones # 84 Freshman 6'4" 254 lbs. Madison, MS 1st
56%
Tarvorise Brown # 96 Sophomore (R) 6'6.75" 290 lbs. Miami, FL 2nd
56%
Vincent Brown Jr. # 36 Sophomore 5'7" 176 lbs. Gainesville, FL 1st
56%
Trey Smack # 29 Senior 6'1" 202 lbs. Severna Park, MD 4th
53%
Aidan Warner # 16 Sophomore (R) 6'3" 202 lbs. Winter Park, FL 2nd
50%
Ja'Kobi Jackson # 24 Senior (R) 5'10.5" 216 lbs. Pensacola, FL 3rd
50%
Amir Jackson # 7 Freshman (R) 6'4.75" 229 lbs. Statesboro, GA 2nd
47%
Caleb Banks # 88 Senior (R) 6'5.75" 329 lbs. Detroit, MI 3rd
47%
Evan Jackson # 31 Freshman (R) 6'1.5" 214 lbs. Fort Lauderdale, FL 1st
47%
Hayden Hansen # 89 Junior (R) 6'7.75" 271 lbs. Weatherford, TX 4th
47%
J. Michael Sturdivant # 9 Senior (R) 6'2.5" 216 lbs. Flower Mound, TX 1st
47%
Kahleil Jackson # 22 Senior (R) 6'3" 218 lbs. Hawthorne, FL 6th
47%
KD Daniels # 21 Freshman (R) 5'11.5" 201 lbs. West Point, MS 2nd
47%
Myles Graham # 5 Sophomore 6'0.75" 227 lbs. Gainesville, FL 2nd
47%
Ty Jackson # 7 Freshman 6'1.5" 216 lbs. Fort Lauderdale, FL 1st
47%
Tyreak Sapp # 94 Senior (R) 6'2.5" 274 lbs. Fort Lauderdale, FL 5th
47%
Cormani McClain # 25 Sophomore (R) 6'1.5" 182 lbs. Lakeland, FL 2nd
41%
Dijon Johnson # 27 Junior 6'1" 196 lbs. Tampa, FL 3rd
41%
George Gumbs Jr. # 34 Senior (R) 6'4" 253 lbs. Chicago, IL 2nd
41%
TJ Abrams # 4 Freshman (R) 5'10" 195 lbs. Fort Myers, FL 2nd
41%
Austin Barber # 58 Senior (R) 6'6.25" 322 lbs. Jacksonville, FL 5th
38%
Devin Moore # 28 Senior 6'2.75" 199 lbs. Naples, FL 4th
38%
Jordan Castell # 14 Junior 6'2" 217 lbs. Orlando, FL 3rd
38%
Knijeah Harris # 77 Junior 6'3" 316 lbs. Port St. Lucie, FL 3rd
38%
Tony Livingston # 86 Junior 6'4.75" 260 lbs. Tampa, FL 3rd
38%
Harrison Bailey # 15 Graduate 6'4.25" 237 lbs. Marietta, GA 1st
35%
Kamran James # 24 Junior 6'5.5" 272 lbs. Orlando, FL 3rd
35%
Rocco Underwood # 42 Senior (R) 6'3" 231 lbs. Lake Mary, FL 5th
35%
Tank Hawkins # 10 Sophomore 5'9.5" 169 lbs. Fredericksburg, VA 2nd
35%
Treyaun Webb # 5 Sophomore (R) 5'11.25" 212 lbs. Jacksonville, FL 3rd
35%
Naeshaun Montgomery # 0 Freshman 6'1" 185 lbs. Central Falls, RI 1st
32%
Sharif Denson # 0 Junior 5'11" 191 lbs. Jacksonville, FL 3rd
32%
Aaron Chiles # 8 Sophomore 6'2.5" 241 lbs. Largo, MD 2nd
29%
Ben Hanks III # 12 Freshman 6'1" 180 lbs. Overtown, FL 1st
29%
Damieon George Jr. # 70 Senior (R) 6'6" 362 lbs. Houston, TX 3rd
29%
Grayson Howard # 10 Junior 6'4" 232 lbs. Jacksonville, FL 2nd
29%
Jayden Woods # 15 Freshman 6'3" 240 lbs. Shawnee, KS 1st
29%
LJ McCray # 11 Sophomore 6'6" 267 lbs. Daytona, FL 2nd
29%
Anthony Rubio # 25 Sophomore (R) 5'9" 184 lbs. Miami, FL 3rd
26%
Hunter Smith # 41 Senior (R) 5'10" 203 lbs. Gainesville, FL 2nd
26%
Aaron Williams # 28 Freshman (R) 6'0.5" 207 lbs. Orlando, FL 2nd
24%
Bryce Thornton # 18 Junior 5'10" 212 lbs. College Park, GA 3rd
24%
D'Antre Robinson # 35 Sophomore 6'3" 303 lbs. Orlando, FL 2nd
24%
Jaden Robinson # 29 Junior 6'0.25" 232 lbs. Lake City, FL 3rd
24%
Taylor Spierto # 30 Senior (R) 6'0" 212 lbs. Franklin, TN 5th
24%
Aaron Gates # 13 Sophomore (R) 6'0.25" 189 lbs. Moreland, GA 3rd
21%
Clay Millen # 18 Senior (R) 6'3.75" 184 lbs. Snoqualmie, WA 2nd
21%
Duke Clark # 20 Freshman 6'0.5" 190 lbs. Tampa, FL 1st
21%
Teddy Foster # 4 Freshman (R) 6'0.75" 182 lbs. Sarasota, FL 2nd
21%
Tommy Doman # 19 Senior (R) 6'4" 215 lbs. Rochester Hills, MI 1st
21%
Bryce Lovett # 53 Sophomore (R) 6'5" 326 lbs. Rockledge, FL 3rd
18%
Drake Stubbs # 9 Freshman 6'1" 197 lbs. Jacksonville, FL 1st
18%
Jason Zandamela # 50 Freshman (R) 6'2.75" 319 lbs. Clearwater, FL 2nd
18%
Roderick Kearney # 71 Sophomore (R) 6'4" 307 lbs. Jacksonville, FL 3rd
18%
Alfonzo Allen Jr. # 43 Senior 5'11" 195 lbs. Miami, FL 2nd
15%
Fletcher Westphal #68 Freshman (R) 6'8" 336 lbs. Leesburg, VA 2nd
15%
Jamari Lyons # 95 Junior (R) 6'3.5" 308 lbs. Cocoa, FL 4th
15%
Jamroc Grimsley # 26 Freshman (R) 6'2.25" 193 lbs. Tampa, FL 2nd
15%
Lagonza Hayward # 2 Freshman 6'1" 203 lbs. Lyons, GA 1st
15%
Brayden Slade # 39 Sophomore (R) 6'0.5" 188 lbs. Coconut Creek, FL 3rd
12%
Chad Gasper Jr. # 23 Freshman 5'10.5" 205 lbs. Katy, TX 1st
12%
David Schmidt # 33 Freshman (R) 5'9" 183 lbs. Gainesville, FL 2nd
12%
Devon Manuel # 57 Senior (R) 6'7" 307 lbs. Sunset, LA 2nd
12%
Hayden Clem # 59 Senior (R) 6'2" 283 lbs. Maitland, FL 5th
12%
Hayden Craig # 46 Freshman 6'1" 202 lbs. Mercier, CAN 1st
12%
Jackson Wade # 83 Sophomore (R) 5'11" 180 lbs. Dallas, GA 3rd
12%
Javion Toombs # 37 Junior (R) 5'11" 191 lbs. Fort Pierce, FL 4th
12%
Jeremiah McCloud # 91 Freshman 6'2.75" 279 lbs. Sylvester, GA 1st
12%
Josiah Davis # 23 Freshman (R) 6'0.5" 199 lbs. Nashville, GA 2nd
12%
Kamryn Waites # 75 Senior (R) 6'8" 370 lbs. Dallas, TX 4th
12%
Lawrence Wright IV # 26 Freshman (R) 6'1.25" 243 lbs. Miami, FL 2nd
12%
Michael Caraway Jr. # 16 Senior (R) 6'1" 184 lbs. Bassfield, MS 1st
12%
Michai Boireau # 93 Sophomore 6'4.5" 355 lbs. Atlanta, GA 2nd
12%
Titus Bullard # 59 Freshman (R) 6'2" 231 lbs. Tampa, FL 2nd
12%
Alex Gonzalez # 19 Junior (R) 5'11" 193 lbs. Fort Myers, FL 4th
9%
Brandon Rabasco # 40 Freshman (R) 6'3.5" 210 lbs. Hollywood, FL 2nd
9%
Brien Taylor Jr. # 33 Senior 6'4.5" 278 lbs. Houston, TX 2nd
9%
Cahron Rackley # 32 Senior (R) 5'9.75" 194 lbs. Miami, FL 5th
9%
Caleb Rillos # 82 Senior (R) 6'5.75" 244 lbs. Golden, CO 2nd
9%
Cameron Kossmann # 87 Freshman 6'4.75" 236 lbs. Chesterfield, MO 1st
9%
Enoch Wangoy # 79 Freshman (R) 6'7" 333 lbs. Manchester, GBR 2nd
9%
Jaden Edgecombe # 43 Sophomore (R) 5'8" 175 lbs. Cocoa, FL 3rd
9%
Jahari Medlock # 56 Freshman 6'5" 308 lbs. Atlanta, GA 1st
9%
Jake Xeller # 50 Freshman (R) 6'2.25" 236 lbs. Reston, VA 2nd
9%
Jalen Wiggins # 49 Freshman 6'4.5" 270 lbs. Tallahassee, FL 1st
9%
Kelvin Jimenez # 34 Freshman (R) 6'0.75" 217 lbs. Cape Coral, FL 2nd
9%
Layne Swafford # 45 Sophomore (R) 6'2" 257 lbs. Ponte Vedra Beach, FL 3rd
9%
Marcus Mascoll # 78 Freshman (R) 6'4.75" 293 lbs. Snellville, GA 2nd
9%
Mark Faircloth # 76 Freshman (R) 6'4.75" 314 lbs. Quincy, FL 2nd
9%
Matthew Kade # 42 Freshman (R) 6'0" 214 lbs. Gainesville, FL 2nd
9%
Nicholas Inglis # 38 Freshman (R) 6'4.75" 226 lbs. Dallas, TX 2nd
9%
Nicolas Flynn # 61 Junior (R) 6'2.5" 273 lbs. Lake Forest, IL 4th
9%
Noel Portnjagin # 74 Freshman (R) 6'5" 307 lbs. Karlsruhe, DEU 2nd
9%
Scott Isacks # 85 Junior (R) 6'4" 252 lbs. New Orleans, LA 4th
9%
Sebastian Scott # 92 Sophomore (R) 6'2" 360 lbs. West Palm Beach, FL 3rd
9%
TJ Dice Jr. # 55 Freshman 6'3.75" 308 lbs. College Park, GA 1st
9%
Bryan Rosenberg # 72 Sophomore (R) 6'3" 263 lbs. Gainesville, FL 3rd
6%
Charles Emanuel III # 55 Freshman (R) 6'3" 239 lbs. Orlando, FL 2nd
6%
Chase Stevens # 60 Freshman (R) 6'3" 310 lbs. Vero Beach, FL 2nd
6%
Connor Homa # 90 Sophomore (R) 6'2.25" 313 lbs. Palm Harbor, FL 3rd
6%
DeBraun Hampton # 35 Freshman (R) 5'10" 181 lbs. Montgomery, TX 2nd
6%
Gannon Burt # 48 Sophomore (R) 6'1" 221 lbs. Fort Mill, SC 3rd
6%
Kofi Asare # 22 Junior (R) 6'4.75" 246 lbs. Worcester, MA 1st
6%
Paul Kessler # 12 Freshman (R) 6'4.5" 208 lbs. Los Angeles, CA 2nd
6%
No matching quizzes found
Score Distribution
Percent of People with Each Score
Percentile by Number Answered
Your Score History
You have not taken this quiz